书目信息 |
| 题名: |
医务工作者动机访谈
|
|
| 作者: | 罗利尼克 , 米勒 , 巴特勒 著 ;洪霞 , 魏镜 译 | |
| 分册: | ||
| 出版信息: | 北京 中国轻工业出版社 2015 |
|
| 页数: | 190页 | |
| 开本: | 24cm | |
| 丛书名: | ||
| 单 册: | ||
| 中图分类: | R192 | |
| 科图分类: | ||
| 主题词: | 医药卫生人员--人际关系学 | |
| 电子资源: | ||
| ISBN: | 978-7-5184-0642-5 | |
| 000 | 01474nam0 2200301 450 | |
| 001 | 3329 | |
| 005 | 20180527150539.50 | |
| 010 | @a978-7-5184-0642-5@dCNY36.00 | |
| 100 | @a20160109d2015 em y0chiy50 ea | |
| 101 | 1 | @achi@ceng |
| 102 | @aCN@b110000 | |
| 105 | @ay z 000yy | |
| 200 | 1 | @a医务工作者动机访谈@9yi wu gong zuo zhe dong ji fang tan@e促进健康行为的改变@dMotivational interviewing in health care@ehelping patients change behavior@f(英)Stephen Rollnick,(美)William R. Miller,(英)Christopher C. Butler著@g洪霞,魏镜译@zeng |
| 210 | @a北京@c中国轻工业出版社@d2015 | |
| 215 | @a190页@d24cm | |
| 300 | @a万千心理 | |
| 330 | @a本书介绍了在促进医务工作者与病人的沟通交流时的得力方法,进而可以引导他们做出有利于其健康的正确决定,例如开始减肥、锻炼、戒烟、遵从医嘱服药、进行有安全保护的性行为。书中列举的对话和实践片段生动描述了动机性面谈的核心技术,以及如何将这种简明的方法应用于任何医疗保健工作中。 | |
| 510 | 1 | @aMotivational interviewing in health care@ehelping patients change behavior@zeng |
| 517 | 1 | @a促进健康行为的改变@9cu jin jian kang xing wei de gai bian |
| 606 | 0 | @a医药卫生人员@x人际关系学 |
| 690 | @aR192@v5 | |
| 701 | 0 | @c(英)@a罗利尼克@9luo li ni ke@c(Rollnick, Stephen)@4著 |
| 701 | 0 | @c(美)@a米勒@9mi le@c(Miller, William R.)@4著 |
| 701 | 0 | @c(英)@a巴特勒@9ba te le@c(Butler, Christopher C.)@4著 |
| 702 | 0 | @a洪霞@9hong xia@4译 |
| 702 | 0 | @a魏镜@9wei jing@4译 |
| 801 | 0 | @aCN@b91MARC@c20160109 |
| 905 | @aMuseLib@dR192@e252 | |
| 医务工作者动机访谈:促进健康行为的改变=Motivational interviewing in health care:helping patients change behavior/(英)Stephen Rollnick,(美)William R. Miller,(英)Christopher C. Butler著/洪霞,魏镜译.-北京:中国轻工业出版社,2015 |
| 190页;24cm |
| 万千心理 |
| ISBN 978-7-5184-0642-5:CNY36.00 |
| 本书介绍了在促进医务工作者与病人的沟通交流时的得力方法,进而可以引导他们做出有利于其健康的正确决定,例如开始减肥、锻炼、戒烟、遵从医嘱服药、进行有安全保护的性行为。书中列举的对话和实践片段生动描述了动机性面谈的核心技术,以及如何将这种简明的方法应用于任何医疗保健工作中。 |
| ● |
| 相关链接 |
|
|
|
|
正题名:医务工作者动机访谈
索取号:R192/252
 
预约/预借
| 序号 | 登录号 | 条形码 | 馆藏地/架位号 | 状态 | 备注 |
| 1 | 1108775 | 211087759 | 第二样本阅览室/ [索取号:R192/252] | 在馆 | |
| 2 | 1108776 | 211087768 | 教育系资料室/ [索取号:R192/252] | 在馆 | |
| 3 | 1108777 | 211087777 | 教育系资料室/ [索取号:R192/252] | 在馆 | |
| 4 | 1108778 | 211087786 | 第三借阅区/ [索取号:R192/252] | 在馆 |